000 00707nam a22002057a 4500
999 _c26256
_d26256
005 20190316135517.0
010 _aB-285037, B-215148
020 _a0143101757
_c195.00
020 _a9780143101758
_c195.00
035 _aB-285037, B-215140,B-215148, B-215145
037 _bUBH (Vender)
082 _aN
100 _aMehta, Anupa
245 _aThe waiting room /
_cby Anupa Mehta
260 _aNew Delhi
_bPenguin Books
_c2007
270 _a11 Community Centre, Panchsheel Park
_bNew Delhi
_e110017
300 _a156p.
_c19cm. (pbk)
942 _2ddc
_cEN
_hN
_mMEH